Science Quiz

Random Science or Chemistry Quiz

Grade 10 Science Chemistry Part 3 of 3 Quiz Stats

 Plays Quiz not verified by Sporcle

Challenge
Share
Tweet
Embed
Score 0/50 Timer 10:00
0 Plays Today
Topic Attributes % Correct
Evidence of Chemical Changechange of colour
55.7%
Physical Propertiescolour
54.2%
Common Acidslemon juice
51%
Characteristics of Non Metalsgas
46.4%
Evidence of Chemical Changecreates gas
46.4%
Characteristics of Metalsolid
43.8%
Characteristics of Non Metalssolid
43.8%
Characteristics of Acidssour
43.8%
Characteristics of Basesbitter
41.1%
Common Acidsvinegar
36.5%
Characteristics of Non Metalsliquid
35.9%
Evidence of Chemical Changecreates heat
35.4%
Characteristics of Basesslimy
29.7%
Common Basesmilk of magnesia
29.2%
Common Basesdrain openers
28.6%
Chemical Properties Does it _____?burn
25.5%
Changes that are Physicalchanging state(solid liquid and gas)
25%
Physical Propertiesodour
24.5%
Evidence of Chemical Changecreates light
21.9%
Common Basesammonia
21.4%
Physical Propertiestexture
20.3%
Common Acidstomato
18.2%
Characteristics of Metallustrous
17.7%
Common Basesantacids
16.1%
Characteristics of Metalconductive
16.1%
Topic Attributes % Correct
Physical Propertiesboiling point
15.6%
Physical Propertiesmelting point
15.1%
Common Basesdetergents
14.1%
Chemical Properties Does it _____?rust
14.1%
Characteristics of AcidspH below 7
13%
Characteristics of BasespH above 7
12.5%
Changes that are Physicalcutting
12.5%
Characteristics of Acidsnon slimy
12%
Common Basesoven cleaner
11.5%
Chemical Properties Does it _____?react with hydrogen
10.9%
Evidence of Chemical Changecreates sound
10.9%
Common Acidsaspirin
10.4%
Chemical Properties Does it _____?explode
10.4%
Changes that are Physicalripping
10.4%
Characteristics of Non Metalsnon conductive
9.9%
Characteristics of Basesturns litmus paper blue
9.9%
Physical Propertiesappearance
9.4%
Characteristics of Acidsturns litmus paper red
9.4%
Evidence of Chemical Changechange in energy
9.4%
Changes that are Physicalcrushing
9.4%
Evidence of Chemical Changechange of odour
8.9%
Changes that are Physicaldissolving
8.9%
Evidence of Chemical Changeforms a precipitate
7.8%
Characteristics of Metallow # of electrons in the outer shell
5.2%
Characteristics of Non Metalshigh number of electrons in the outer shell
3.6%

You're not logged in!

Compare scores with friends on all Sporcle quizzes.
Join for Free
OR
Log In

You Might Also Like...

Show Comments

Extras

Top Quizzes Today


Score Distribution

Your Account Isn't Verified!

In order to create a playlist on Sporcle, you need to verify the email address you used during registration. Go to your Sporcle Settings to finish the process.

Report this User

Report this user for behavior that violates our Community Guidelines.

Details: